[Event "NED Ch"]
[Site "NED"]
[Date "1996.??.??"]
[Round "11"]
[White "Piket, Jeroen"]
[Black "Timman, Jan H"]
[Result "1-0"]
[WhiteElo "2570"]
[BlackElo "2620"]
[EventDate "1996.06.??"]
[Annotator "Horn,Pe"]
[EventType "tourn"]
[EventRounds "11"]
[EventCountry "NED"]
[EventCategory "11"]
[Source "ChessBase"]
[SourceDate "2004.01.01"]
[WhiteTeamCountry "USA"]
[BlackTeamCountry "USA"]

1. Nf3 c5 2. g3 Nc6 3. Bg2 Nf6 4. O-O e5 5. d3 d5 6. Na3 {Da diese 
Entwicklung in manchen Varianten des Königsinders die gro e Mode ist, 
macht es Sinn, die Sache auch mit einem Tempo mehr zu probieren.} 6. ... 
Be7 7. e4 d4 ( 7. ... O-O {eine gute Alternative.} ) ( 7. ... dxe4 ) 8. 
Nc4 {Jetzt sieht man dem Nc4 seine Herkunft nicht mehr an: In den meisten 
folgenden Beispielen kam er von d2.} ( 8. c3 O-O 9. cxd4 cxd4 10. Nc4 Qc7 
11. a4 Be6 12. b3 Nd7 13. Ne1 a6 14. f4 f6 15. a5 b5 16. axb6 Nxb6 17. 
fxe5 fxe5 18. Rxf8+ Bxf8 ~ {Sepp-Kulaots/Riga zt/1995} ) 8. ... Qc7 ( 
8. ... Nd7 9. a4 O-O 10. Bh3 ( 10. Ne1 Nb6 11. b3 Be6 12. f4 = {R. 
Fischer-Harrow/Milwaukee op/1957} ) 10. ... Qc7 11. Nfd2! {Dworezki} ( 11.
 Ne1? Nb6 12. Bxc8 Qxc8! 13. Nxb6 axb6 {/\ b5} 14. Bd2 f5 15. exf5 Qxf5 
16. f3 c4? ( 16. ... Qh3! {Dworezki} ) 17. Qe2 Bc5 18. Ng2 c3 19. bxc3 b5 
20. a5 {= Dworezki-Alburt/Odessa 1974} ) ( 11. b3 = ) ( 11. Kh1 = ) 
11. ... Bg5 12. f4 exf4 13. Nf3 Bh6 14. Nh4! +/- ) 9. a4 Be6 {Mit diesem 
Zug (statt Nd7) wird der Aufbau mit Bh3 verhindert.} ( 9. ... O-O 10. Ne1 
( 10. b3 Be6 11. Ng5 Bg4 12. f3 Bh5 13. Nh3 Nd7 14. g4 Bg6 15. f4 exf4 ( 
15. ... f6 ) 16. Bxf4 Qd8 ( 16. ... Nde5 ) 17. Bg3 Nb6 18. Nxb6 axb6 19. 
Nf4 â†‘ {Borik-Schön/BL/1989} ) 10. ... Ne8 11. f4 exf4 12. gxf4 f5 13. 
Nf3 Nd6 14. Nxd6 Bxd6 15. e5 Be7 16. c4 dxc3?! 17. Qb3+ Kh8 18. bxc3 Na5 
19. Qa2 Rd8 20. Rd1 c4 21. d4 +/- {Kirillov-Kazachenkov/Lettland/ 1991} ) 
( 9. ... Bg4!? ) 10. Ne1 N {Indem Wei das Tempo mit b3 einspart (gegenüber
Todorcevic-Ivanovic), verhindert er das Gegenspiel mit g7-g5.} ( 10. b3 
Nd7 11. Ne1 g5!? 12. f4 gxf4 13. gxf4 O-O-O 14. f5 Bxc4 15. bxc4 Rdg8 16. 
Kh1 h5 â‡„â‡„ {Todorcevic-Ivanovic/YU/1990} ) 10. ... Nd7 ( 10. ... Bxc4 {
Das ist offenbar nicht zu fürchten, da Wei ein wunderbares Springerfeld 
auf d3 und das Läuferpaar erhält.} 11. dxc4 ) 11. f4 f6 D {White 's 
position looks nice but what specifically can he do?

.............

} 12. Bh3! {secures an advantage positionally based on his control of 
light squares and

Strategisch ein wünschenswerter Abtausch: Der gute (Be6) wird gegen den 
schlechten (Bg2) Läufer getauscht.} ( 12. Qh5+ Bf7 ( 12. ... g6 13. Qh6 
Bf8 14. Qh4 Bg7 ) 13. Qf5 ) 12. ... Bxh3?! ( 12. ... Bxc4! 13. dxc4 h5 14.
 Nd3 = ) ( {no better is} 12. ... Bf7 13. Qg4! ) 13. Qh5+ g6 14. Qxh3 {
There were more tactics after} 14. ... Nb6 15. fxe5 fxe5 ( 15. ... Nxc4 
16. exf6 {with advantage} ) ( 15. ... Nxe5 16. Nxe5 Qxe5? 17. Bf4 ) 16. 
Qe6! +/- Nxc4 17. Qxc4 ( 17. Qf7+ {Das naheliegende Schach gestattet 
Schwarz ein Tempo bei der Aktivierung der Türme.} 17. ... Kd7 18. Qxc4 
Raf8 ) ( 17. dxc4!? ) 17. ... O-O-O {The way to exploit White's better 
pieces was Nf3 } ( 17. ... Rf8 18. Nf3 O-O-O 19. Bh6 +/- {erobert die 
f-Linie} ) 18. Bh6 ( 18. Nf3 h6 19. Qe6+ Kb8 = 20. Qxg6 h5 21. Ng5 Rdg8 ) 
18. ... Rdg8 19. Rf7 Nd8 20. Rg7 Rxg7 21. Bxg7 Re8 22. Nf3 ( 22. b4?! {
verschärft das Spiel zu früh (Ra1 und Ne1 können noch aktiviert werden, 
wogegen dem Schwarzen die aktiven Möglichkeiten fehlen).} 22. ... Bg5 23. 
Qxc5 Qxc5 24. bxc5 ) 22. ... Bd6 23. Bh6 Qf7 ( 23. ... Bf8 ) ( 23. ... Nf7
!? 24. Bd2 Rf8 25. Rf1 {Die Kontrolle der f-Linie wird bei dieser 
Fortsetzung abgeschwächt, aber sämtliche schwarze Figuren erfüllen nur 
passive Funktionen.} ) 24. Nd2 Qxc4 25. Nxc4 Kd7 26. Rf1 Ne6 ( 26. ... Bc7
27. h4 +/- ) 27. h4 ( 27. Rf7+ Re7 28. Rxe7+ Kxe7 29. Na5 b6 30. Nc6+ Kf6 
31. Nxa7 g5 32. h4 gxh4 33. gxh4 Kg6 34. Bd2 Kh5 35. Be1 +/- ) 27. ... Bc7
28. h5 Ke7 ( 28. ... gxh5 29. Rf5 +/- ) 29. Kg2 b6 30. hxg6 hxg6 31. Bd2 
a6 32. b4 Rb8 ( 32. ... Rh8 33. Rb1 +/- ( 33. bxc5!? Nxc5 34. Bg5+ Kd7 35.
 Rf7+ Kc8 36. Re7 ) ) 33. Rh1? ( 33. bxc5 Nxc5 ( 33. ... bxc5 34. Rh1 +/- 
) 34. Bg5+ Kd7 35. Rf7+ Kc8 36. Re7 ( 36. Bf6 ) 36. ... Nxa4 37. Nxe5 Bxe5
38. Rxe5 Kb7 39. Re7+ Ka8 40. Bf6 +/- ) ( 33. Rb1 âŒ“ += ) 33. ... b5 34. 
Rh7+ Kf6 ( 34. ... Kd8 35. axb5 Rxb5 36. bxc5 ) 35. axb5 axb5 36. Nb2 {#} 
36. ... Ra8 ( 36. ... Bd6!? 37. bxc5 Nxc5 38. Nd1 ( 38. Ra7 Rc8 ) 38. ... 
Ra8 ) ( 36. ... Bd6 = ) 37. Nd1 Ra2? ( 37. ... Bd6 38. Nf2 Nf8 39. Rb7 
cxb4 40. Rxb5 Rc8 41. Rb6 Ke7 42. Bxb4 Bxb4 43. Rxb4 Rxc2 = ) ( 37. ... 
cxb4!? ) ( 37. ... c4 38. Nf2 g5 39. Ng4+ Kg6 40. Re7 Ra6 41. dxc4! bxc4 
42. b5 +- ) 38. Nf2 g5 â–¡ 39. Ng4+ Kg6 40. Re7 Rxc2?! ( 40. ... Ra6 41. 
bxc5 +- ( 41. bxc5 Rc6 42. Ba5! +- ) ) 41. Rxe6+ Kg7 ( 41. ... Kh5 42. Kh3
+- ) ( 41. ... Kf7 42. Rf6+ Ke7 43. Rf2 ) 42. Re7+ Kf8 43. Rxc7 Rxd2+ 44. 
Kh3 ( 44. Kh3 Rxd3 ( 44. ... cxb4 45. Nxe5 ) 45. Rxc5 ) 1-0

[Event "World Championship 24th"]
[Site "Moscow RUS"]
[Date "1961.03.20"]
[Round "3"]
[White "Botvinnik, Mikhail URS"]
[Black "Tal, Mikhail"]
[Result "1-0"]
[WhiteElo "2693"]
[BlackElo "2714"]
[EventDate "1961.03.15"]
[PlyCount "85"]
[EventType "match"]
[EventRounds "21"]
[EventCountry "URS"]
[Source "ChessBase"]
[SourceDate "1999.07.01"]
[WhiteTeamCountry "CSR"]
[BlackTeamCountry "ARG"]

1. c4 Nf6 2. Nc3 e6 3. d4 Bb4 4. e3 O-O 5. Bd3 d5 6. a3 dxc4 7. Bxc4 Bd6 
8. Nf3 Nc6 9. b4 e5 10. Bb2 Bg4 11. d5 Ne7 12. h3 Bd7 13. Ng5 Ng6 D {How 
does White improve his position?

----------

Did you forget the Grischuk - Giri position? The solution is} 14. Ne6! 
fxe6 15. dxe6 {regains material with its threat of 3 e7+.
But the main point is that White has gained positional plusses after} 
15. ... Kh8 16. exd7 Qxd7 {He has isolated Black's e-pawn, which restricts
his only bishop.
White built up his edge slowly} 17. O-O Qf5 ( 17. ... a5!? 18. b5 Qf5 19. 
Nd5 ) 18. Nd5 Ng8 19. Qg4 Qc2 20. Qe2 Qf5 21. Qg4 ( 21. e4 Qg5 22. Rad1 ) 
21. ... Qc2 22. Qe2 Qf5 23. e4 Qd7 24. Rad1 Rad8 25. Qg4 Qe8 26. g3 Nh6 
27. Qh5 Ng8 28. Qe2 N6e7 29. Ne3 Nh6 30. Ng4 Nxg4 31. hxg4 Nc6 32. Kg2 Be7
33. Bd5 Nd4 34. Bxd4 exd4 D 35. Bc4 ( 35. Bxb7 d3 36. Rxd3 Qb5 37. Bd5 c6 
38. a4 Qxa4 39. Be6 Qxb4 40. Rc1 Qb5 41. Bc4 Qb7 42. e5 ) 35. ... c5 36. 
b5 Bf6 37. f4 d3 38. Rxd3 Rxd3 39. Bxd3 Bd4 40. e5 g6 41. Rh1 Kg7 42. Qe4 
b6 43. Bc4 ( 43. Bc4 Qe7 44. g5 ( 44. Qc6 Be3 45. g5 Bd4 46. Qf6+ Qxf6 47.
 exf6+ Kh8 48. f5 +-- ) 44. ... Rc8 45. f5! gxf5 46. Rxh7+ Kxh7 47. Qh4+ 
Kg7 48. Qh6# ) 1-0

[Event "Thessaloniki ol (Men)"]
[Site "Thessaloniki GRE"]
[Date "1984.12.04"]
[Round "14"]
[White "Vaganian, Rafael A"]
[Black "Huebner, Robert"]
[Result "1-0"]
[WhiteElo "2555"]
[BlackElo "2595"]
[EventDate "1984.11.19"]
[PlyCount "41"]
[EventType "team"]
[EventRounds "14"]
[EventCountry "GRE"]
[Source "ChessBase"]
[SourceDate "1996.11.15"]
[WhiteTeam "Soviet Union"]
[BlackTeam "Germany"]
[WhiteTeamCountry "URS"]
[BlackTeamCountry "GER"]

1. Nf3 Nf6 2. c4 c5 3. g3 b6 4. Bg2 Bb7 5. O-O e6 6. Nc3 Be7 7. d4 cxd4 8.
 Qxd4 d6 9. Bg5 a6 10. Bxf6 Bxf6 11. Qd3 O-O 12. Rfd1 Be7 D {How does 
White establish a positional advantage?} 13. Ng5! Bxg5 14. Bxb7 Ra7 15. 
Be4! {White has new threats, Qxd6 and Bxh7+. Black had
to play} 15. ... f5 16. Bg2 Rd7?! ( 16. ... Be7!? 17. e4 Nd7 18. exf5 Rxf5
19. f4 Rf6 20. Rac1 Rh6 21. Rc2 Qc8 22. b4 +/- ) 17. f4! {and 6 e4 ! 
White's edge had grown considerably,
in view of Black's weaknesses on squares such as e6.
Black made it easy,} 17. ... Bf6 18. e4 Bxc3 19. bxc3 a5? 20. exf5 Rxf5?? 
( 20. ... exf5 21. Rab1 Na6 22. Qd5+ Kh8 +/- 23. Bh3 Re7 24. Qc6 Re2 25. 
Rxd6 +- ) 21. Bh3 Rf6 22. Bxe6+ Rxe6 23. Qd5 Qf6 24. f5 Re7 25. Re1 +- 
Qxf5 1-0

[Event "Wenen"]
[Site "Wenen"]
[Date "1922.??.??"]
[Round "1"]
[White "Kmoch, Hans"]
[Black "Gruenfeld, Ernst"]
[Result "0-1"]
[WhiteElo "2460"]
[BlackElo "2550"]
[EventDate "1922.??.??"]
[PlyCount "66"]

1. e4 e5 2. Nf3 Nc6 3. Nc3 Bb4 4. Nd5 Nf6 5. Bb5 Nxd5 6. exd5 e4 7. dxc6 
dxc6 8. Be2 exf3 9. Bxf3 O-O 10. O-O D f5 {This was "a big surprise" for 
Larry Evans when he
annotated the game. He gave the move a '?! ' to label it as dubious. "This
move
would never occur to me," Evans wrote.
There are several reasons why it wouldn't. It's not a developing move. It
restricts Black's QB . Moreover, Black has good alternatives, such as 1 . 
. .Re8 or
shifting his bishop to e6 and d5 . These alternatives are so firmly based 
on
general principles that - barring a tactical problem - they have to be 
good.
, But Evans was 1 6 when he wrote, "This move would never occur to me."
Already a master, he knew a lot about playing. But he had a lot to learn 
about
winning.

What he didn't appreciate is how drawish the position becomes if Black
plays purely according to principle. After 1 . . .Re8, White can play, 
say, 2 c3
..Bd6 3 d4. There is little to prevent him from playing other principled 
moves,
such as ..Be3, Qd2, Rfe1 and ..Bf4 or ..Bg5 . Then the position is so 
evenly
balanced, there is no friction. It will get closer and closer to a draw 
after each of
the inevitable piece trades.
Black didn't want a draw. He was a stronger player than White and he
followed Siegbert Tarrasch's advice. A master offers "silent odds" 
whenever he
plays a weaker player, Tarrasch said, so he has to find ways to avoid a 
draw.
This doesn't mean taking risks. In this game Ernst Gruenfeld wasn't making
bad moves in the hopes of confusing White.
No, he was simply giving White more chances to go wrong after I . . . f5 .
(There were very few ways to go wrong after I . . . Re8.) And Black had a 
logical
way to do that:
The first step is ... ..Bd6 followed by . . . Qh4, threatening mate on h2.
Then, if White defends with g2-g3 , Black's queen will retreat to f6 and 
he
will try to open the kingside with . . . f4 ! . On the other hand, if 
White defends
with h2-h3 he is vulnerable to . . . g5-g4.
Evans wrote that the strange 1 ... f5 inexplicably worked "like a charm" 
as
the game continued} ( 10. ... Re8 11. c3 Bd6 12. d4 ) 11. d3 Bd6 12. Bd2 
Qh4 13. g3 Qf6 14. Bc3 Qh6 D {If White meets . . . f4 with g3-g4, Black 
can continue . . . Qh4 followed by
... g5 and . . . h5 ! with a fierce, if not winning, attack.
White preferred} 15. Re1 f4 16. Bg4 {But this allowed} ( 16. g4 Bxg4 17. 
Kh1 ( 17. Bxg4 f3 18. Be5 Qg5 19. Re4 Bxe5 ) 17. ... Be6 18. Bd4 Qh3 19. 
Bg2 Bd5 20. f3 Qf5 21. c4 Bf7 22. Bc3 Qh5 23. Qb3 b6 24. Qa4 c5 25. Qd7 
Rad8 26. Qg4 Bg6 27. Bh3 Qxg4 28. Bxg4 Bxd3 29. Be6+ Kh8 30. Bd5 Bg6 -/+ )
16. ... fxg3 17. fxg3 Rf2! {As
stunning as that may appear, it is a known sacrificial device.} 18. Re8+ (
18. Kxf2 Qxh2+ 19. Ke3 Qxg3+ 20. Qf3 ( 20. Bf3 Bg4! {and Re8+} ) 20. ... 
Bxg4 21. Qxg3 Bxg3 {would land White in a bad endgame} ) 18. ... Bf8 19. 
Kxf2? ( 19. Bh5! Bd7 20. Re1 ( 20. Rxa8 Qe3 21. Kh1 c5 22. Re8 Bc6+ 23. 
Re4 Bxe4+ 24. dxe4 Qxe4+ 25. Bf3 Rxf3 26. Kg1 Bd6 27. Qe1 Re3 28. Qf2 Re2 
29. Re1 Rxf2 30. Rxe4 Rxc2 ) 20. ... Rf5 21. Bg4 Rf7 22. Bxd7 Rxd7 23. Qg4
Rf7 ) 19. ... Qxh2+ 20. Kf1 Bxg4 21. Qxg4 Rxe8 22. Re1? ( 22. Qc4+ Kh8 23.
 Re1 Qh3+ 24. Kf2 ) 22. ... Qh1+ 23. Kf2 Bc5+ 24. d4 Qh2+ 25. Kf3 Rf8+ 26.
 Ke3 Bd6 27. Kd3 Qxg3+ 28. Qxg3 Bxg3 29. Re7 Bd6 30. Rd7 h5 31. d5 Rf7 32.
 dxc6 bxc6 33. Rd8+ Kh7 0-1

[Event "Hoogovens"]
[Site "Wijk aan Zee NED"]
[Date "1998.01.18"]
[Round "3"]
[White "Salov, Valery"]
[Black "Anand, Viswanathan"]
[Result "0-1"]
[WhiteElo "2680"]
[BlackElo "2770"]
[EventDate "1998.01.16"]
[Annotator "Anand"]
[EventType "tourn"]
[EventRounds "13"]
[EventCountry "NED"]
[EventCategory "17"]
[Source "ChessBase"]
[SourceDate "1998.04.09"]

1. d4 {Prolong!

Masters want more. And because of that, they often get it. It sounds too
simple but it's true.

There are specific ways to emulate masters in this way. But ultimately it
comes down to Fischer's attitude: If you keep pressure on your opponent 
long
enough, if you keep forcing him to make choices - if you keep trying to 
win -
there's a good chance that you will.

This view was also a tenet of the Soviet School. Mikhail Botvinnik's
watchword was "Prolong! Prolong the struggle." Think twice about trading
pieces when you have the advantage, he said. Continue the pressure, even 
if you
have to temporarily retreat.} 1. ... d5 2. Nf3 Nf6 3. c4 c6 4. Nc3 e6 5. 
Bg5 h6 6. Bxf6 Qxf6 7. e3 Nd7 8. Bd3 dxc4 9. Bxc4 g6 10. O-O Bg7 11. Rc1 (
{Baburin: More common here is} 11. e4 e5 12. d5 Nb6 {And then:} 13. Nd2 ( 
13. Bb3 O-O 14. h3 ( 14. a4 a5 15. Qe2 Bg4 16. Rfd1 Bxf3 17. Qxf3 Qxf3 18.
 gxf3 Rfd8 19. Rac1 {1/2-1/2 Jussupow, A-Knaak,R/Altensteig 1993} ) 
14. ... Bd7 15. Qe2 Kh7 16. Rfd1 Rae8 17. a4 Qe7 18. a5 Nc8 19. dxc6 bxc6 
20. Rd2 f5 21. Rad1 +/- {Benjamin-Blatny, Chicago 1995} ) 13. ... O-O 14. 
a4 a5 15. Ba2 Rd8 16. Qb3 cxd5 17. exd5 Qd6 18. Nb5 Qxd5 19. Qxd5 Nxd5 20.
 Bxd5 Rxd5 21. Nc7 Rxd2 22. Nxa8 Be6 23. Rfd1 Rxb2 24. Nc7 Bb3 25. Rdb1 
Rxb1+ 26. Rxb1 Bxa4 27. Rxb7 =, quiet {Greenfeld,A-Fridman, Rishon LeZion 
1997} ) 11. ... O-O 12. Bb3 Rd8 13. Qc2 Qe7 14. Rfd1?! ( 14. Ne4 Nf6 15. 
Nc5 b6 16. Ne5 Rd6 17. Ncd3 Bb7 18. Ba4 Rc8 19. b4 Nd7 20. f4! +/- {0-1 
Dautov,R-Dreev,A/ Reggio9596 1996/CBM 51 (60) [Dautov]} ) 14. ... b6 15. 
a3 Bb7 16. Ba2 a6 =, quiet 17. Nd2? ( 17. e4 c5 18. d5 b5 ~ ) 17. ... c5 
=+ 18. Nc4 {Baburin: It's not a good idea for White to allow his opponent 
to isolate the d-pawn, since Black's pieces are well placed both for 
blockade and attack upon the isolani. Safer would be to play 18 dxc5 
instead.} ( 18. d5 Bxc3! -/+ ) 18. ... cxd4 ( 18. ... b5 19. Na5 cxd4 20. 
Nxb7 ) 19. exd4 b5 ( 19. ... Rac8!? {Baburin} ) 20. Na5 Nb6 21. Nxb7 Qxb7 
22. Ne2 Rac8 23. Qd3 Qd7 24. Rxc8 Rxc8 25. Bb3 Nc4 ( 25. ... h5 26. f4 Qd6
) 26. Bxc4 Rxc4 27. f4! =+ {Baburin: I think that White should try to do 
without this move.} ( 27. g3 {Baburin looks better than the text.} ) 
27. ... h5 28. Kf2 Bf6 29. g3 h4 {Baburin: Black is creating tension on 
the kingside. When your opponent's pieces are passive, it's always a good 
idea to look for another front - at some stage the defender won't be able 
to cope with all threats.} 30. Rd2 Qd5 31. Rd1 ( 31. Qf3 Bxd4+! ( 31. ... 
hxg3+? 32. hxg3 ) 32. Nxd4 Rxd4 33. Qxd5 Rxd5 34. Rxd5 exd5 35. Ke3 Kg7 
36. Kd4 Kf6 37. Kxd5 ( 37. g4 Ke6 ) 37. ... Kf5 38. Kc6 Kg4 ( 38. ... hxg3
? 39. hxg3 Kg4 40. Kb6 Kxg3 41. Kxa6 Kxf4 42. Kxb5 g5 43. a4 ) 39. Kb6 h3!
{Salov} 40. Kxa6 Kf3 41. Kxb5 Kg2 42. a4 Kxh2 43. a5 Kxg3 44. a6 h2 -+ ) 
31. ... Kg7 {Baburin: Such moves are most unpleasant for the defender! Now
White is nearly in zugzwang, while Black has created an additional motif -
...Rc4-c8-h8.} 32. b3 ( 32. Qf3? Bxd4+! ) 32. ... hxg3+ 33. hxg3 Rc8 34. 
Qf3 Qd6 35. b4 Rc4 36. Qd3 Qc7 ( 36. ... Qd5 37. Rd2 Qh1 38. Qf3 Qh2+ 39. 
Ke3 ) 37. d5 exd5 38. Qxd5 Bb2 39. Rd3 Rc2 40. Kf3 Qc8 41. Re3? ( 41. f5! 
gxf5 ( 41. ... g5 {>< g4} 42. Nd4 ) ( 41. ... Qh8 42. fxg6 Qh1+ 43. Ke3 
Bc1+ 44. Nxc1 Qxc1+ 45. Ke4 Qh1+ 46. Ke3 Qg1+ 47. Ke4 Qh1+ ( 47. ... Qg2+ 
48. Ke5! ) 48. Ke3 =, quiet ) 42. Nf4 =/& ) ( 41. Rd2 Bxa3! ( 41. ... Rxd2
42. Qxd2 Bxa3 43. Qa2! =, quiet {Salov} ) 42. Rxc2 Qxc2 43. Qe5+ Kh7 -/+ )
41. ... Qh3 42. Qd1 Qh5+ 43. Kf2! D {Black had made considerable progress 
in the previous five moves. He
advanced his bishop from f6 to b2, where it pressures the a3-pawn and 
watches
for the chance for a tactical shot on c I . He moved his rook up from c4 
to c2,
where it pins the knight. And he shifted his queen from c8 to h5, from 
where he
can invade at h2, giving check.} ( 43. Kg2? Rc1 44. Qxc1 Bxc1 45. Nxc1 a5!
46. Rd3! ( 46. bxa5 Qc5 -+ ) 46. ... Qf5 -/+ ) 43. ... Qh2+! ( 43. ... Rc1
? 44. Qxc1! Bxc1 45. Nxc1 Qh1 ( 45. ... Qh2+ 46. Ke1 Qg1+ 47. Kd2 {They in
tum defend the only targets, the pawns at g3 and a3 . This is
what is called a ' fortress.' Black cannot win.} ) 46. Ne2 =, quiet ) 44. 
Kf3 Rc8! {Black doesn't have a specific threat. But he can visualize, 
again without
calculating, that the rook would be effective if it reaches h1 or h2.
He can also see how hard it is for White to find safe moves. For example, 
if
his queen leaves the first rank, such as 3 Qd3, he allows a strong 3 . . .
Qh1 +! so
that 4 Kg4 Qh5 mate or 4 Kf2 Rh8 ! , threatening 5 . . . Rh2 mate.
A computer might find a defense, perhaps with a rook move. But a human in
White's chair would be reluctant to risk putting his rook on an 
unprotected
square such as with 3 .Re7.
In the end, White played} 45. Qb1? ( 45. Rd3! ) ( 45. Re7 ) 45. ... Bc1! 
-+ 46. Nxc1 Qh1+ 47. Kf2 ( 47. Ke2 Rxc1 48. Qb3 Qg2+ 49. Kd3 Rc6! -+ ) 
47. ... Rxc1 48. Qd3 ( 48. Qb2+ {Baburin} 48. ... Kh7 -+ ) 48. ... Rg1! ( 
48. ... Rg1 49. Qe4 ( 49. Qc3+ Kh7 50. Ke2 Qg2+ 51. Kd3 Rd1+ ) 49. ... 
Qh2+ 50. Kf3 Rf1+ 51. Kg4 Qh5# ) 0-1